000 00921nam a2200289 i 4500
003 EG-GICUC
005 20260426111419.0
008 260426s1978 fr ||||fr|||| 00| 0 fre d
017 _a1978/0023/1
040 _aEG-GiCUC
_bfre
_cEG-GiCUC
_dEG-GiCUC
_eRda
082 0 4 _221
_a343.5
_bGL . D
092 0 4 _221
099 _aLaw1 10 343.5 GL . D 1978
100 1 _aGlaser,Stefan
_eAuteur
245 _aDroit International Pénal Conventionnel.
_hVolume 2/
_cStefan Glaser.
264 1 _aBruxelles:
_bÉtablissements Émile Bruylant,
_c1978.
300 _a494 page ;
_c 24 cm.
336 _2rda contenu
_a texte
337 _2rda medias
_aOrdinateur
338 _2 transporteur rda
_a Ressource en ligne
546 _aTexte en français
650 1 _aDroit Pénal
650 1 _aDroit Pénal International
856 4 0 _uhttps://fll.law.cu.edu.eg/fulltext/bks/B10-11142.pdf
905 _a59
942 _2ddc
_n0
_cBK
_e21
999 _c73447
_d73447